| 000 | 00450pab a2200169 454500 | ||
|---|---|---|---|
| 008 | 180718b2007 xxu||||| |||| 00| 0 eng d | ||
| 100 | _aIqbal, Badar Alam | ||
| 245 | _aEmployment generation in Asia: the emerging challenge in the 21st century | ||
| 260 | _c2007 | ||
| 300 | _ap.161-65. | ||
| 362 | _aJul-Sep | ||
| 650 | _aEmployment creation - Asia | ||
| 650 | _aEmployment creation | ||
| 773 | _aProductivity | ||
| 908 | _aN | ||
| 909 | _a76902 | ||
| 999 |
_c76902 _d76902 |
||